000 00618nam a2200217 a 4500
001 43057
003 BD-RjUL
005 20211209053635.0
008 160619s1920 nyu||||| |||| 00| 0 eng d
035 _a(BD-RjUL)
040 _aBD-RjUL
_beng
_cBD-RjUL
041 _aeng
082 _223
_a512.922
_bHUL 1920
100 _a Hun, John Gale.
_9132219
245 _aLogarithmic, trigonometric and other tables /
_cJohn Gale Hun, Charles Ranald MacInnes.
260 _aNew York :
_bMacmillan,
_c1920.
300 _a192 p ;
_c21 cm.
650 _aLogarithms.
_9132220
650 _aTrigonometry
_9132221
942 _2ddc
_cBK
999 _c43057
_d43057